| 000 | 00474nmm a2200169Ia 4500 | ||
|---|---|---|---|
| 008 | 251105s9999||||xx |||||||||||||||||und|| | ||
| 020 | _a9788484287049 | ||
| 041 | _aspa | ||
| 100 | _aSierra i Fabra, Jordi | ||
| 245 | 0 | _aSonidos del corazón | |
| 264 |
_a[Madrid, España] : _bAlba Editorial, _c2012 |
||
| 300 | _a321 páginas | ||
| 490 | _aAlba Joven | ||
| 650 | _aTeen & Young Adult Fiction | ||
| 856 | _uhttps://public.digitaliapublishing.com/a/33175 | ||
| 942 | _cCF | ||
| 999 |
_c86429 _d86429 |
||